000 00293nam a2200121Ia 4500
008 230303s9999 xx 000 0 und d
041 _aeng
082 _a621.38804 GUL
100 _aGULATI (R.R.)
245 _aMonocrome and Color Television
260 _aNew Delhi
_b: NEW AGE
365 _cRS
999 _c178637
_d178637